000 00520nam a2200205Ia 4500
005 20251020182546.0
008 200515s9999 xx 000 0 und d
082 _a747:729.80/B66
110 _aBo Concept
245 0 _aEuropean living
260 _aHerning
260 _c2001
300 _a99
520 _aCatálogo de accesorios y muebles para el hogar, salas, comedores y dormitorios
650 _aACCESORIOS
650 _aCATALOGOS
650 _aDISEÑO DE INTERIORES
650 _aMUEBLES
942 _cLIB
999 _c2572
_d2572